| 000 | 01264nam a2200349 c 4500 | ||
|---|---|---|---|
| 700 |
_aБаева, Надя Димитрова _eпрев. от англ. _9383768 |
||
| 999 |
_c180542 _d180542 |
||
| 003 | BLK | ||
| 005 | 20240709131321.0 | ||
| 008 | 180411b bul|||||r ||||||| ||bul|| | ||
| 010 | _aKNG00189399000 | ||
| 020 | _a978-619-150-500-5 | ||
| 040 | _aBLK | ||
| 041 |
_aBUL _cBUL |
||
| 072 | 7 |
_2bullib _aН83 _xЧужда художествена литература Н |
|
| 080 |
_aАмериканска литература (на САЩ) _b821.111(73) _x-31 _z821.111(73)-31 |
||
| 100 | 1 |
_aКенеди, Дъглас _9265304 |
|
| 139 |
_aКенеди, Дъглас _bК 50 |
||
| 245 | 1 | 0 |
_aПет дни _bРоман _cДъглас Кенеди; прев. от англ. Надя Димитрова Баева. |
| 257 | _aUSA | ||
| 260 |
_bКолибри _c2015 _fСофия : Инвестпрес |
||
| 300 |
_a398 с. _c20 см |
||
| 380 | _aX | ||
| 500 | _aОриг. загл.: Five days / Douglas Kennedy | ||
| 659 | _aН | ||
| 852 | _aЦб 281630 | ||
| 856 | 4 | _qpdf | |
| 856 | 4 | _qpdf | |
| 942 |
_cKNG _n0 _s1 _019 |
||
| 944 |
_aCR _c09.08.2016 _k30576 _lЦветомила Тодорова |
||
| 944 |
_aED _c16.08.2016 _kСимона_Петрова |
||
| 999 | _d180542 | ||